• 首页
  • 本馆介绍
  • 公告通知
  • 最新文献
  • 馆藏检索
  • 电子资源
  • 读者导购
  • 参考咨询
  • 我的图书馆
  • 登录
  • 详细信息显示
  • 放入我的书架
  • 预约/预借图书
  • 作者相关作品
  • 分类相关作品
  • 丛书相关作品
  • 出版社相关作品

书目信息

  • 表格格式
  • 工作单格式
  • 卡片格式
题名:
以案说法
    
 
作者: 姜力维 编著
分册:  
出版信息: 北京   中国电力出版社  2013
页数: 340页
开本: 23cm
丛书名:
单 册:
中图分类: D922.181.4
科图分类:
主题词: 电力法--研究--中国
电子资源:
ISBN: 978-7-5123-3932-3
000 00780nam0 2200241 450
001 351965
005 20161017102904.36
010    @a978-7-5123-3932-3@dCNY49.00
100    @a20130608d2013 em y0chiy50 ea
101 0  @achi
102    @aCN@b110000
105    @ay z 000yy
106    @ar
200 1  @a以案说法@e供用电热点问题面对面@f姜力维编著
210    @a北京@c中国电力出版社@d2013
215    @a340页@d23cm
330    @a本书从供电企业的客户服务、供用电合同、电费管理、违约用电与窃电查处、电力设施保护和人身触电事故防范六个方面,收集整理了33个供用电双方关注和热议的问题。
517 1  @a供用电热点问题面对面
606 0  @a电力法@x研究@y中国
690    @aD922.181.4@v5
701  0 @a姜力维@4编著
801  0 @aCN@bTANGWEI@c20161010
905    @b0897405-9@dD922.181.4@e1432@f5
    
    以案说法:供用电热点问题面对面/姜力维编著.-北京:中国电力出版社,2013
    340页;23cm
    
    
    ISBN 978-7-5123-3932-3:CNY49.00
    本书从供电企业的客户服务、供用电合同、电费管理、违约用电与窃电查处、电力设施保护和人身触电事故防范六个方面,收集整理了33个供用电双方关注和热议的问题。
●
相关链接 在E读中查询图书 在五车中查询图书 在当当中查询图书 在豆瓣中查询图书


正题名:以案说法     索取号:D922.181.4/1432         预约/预借

序号 登录号 条形码 馆藏地/架位号 状态 备注
1 0897405   208974056   第一样本阅览室/ [索取号:D922.181.4/1432] 在馆    
2 0897406   208974065   第一借阅区/ [索取号:D922.181.4/1432] 在馆    
3 0897407   208974074   第一借阅区/ [索取号:D922.181.4/1432] 在馆    
4 0897408   208974083   第一借阅区/ [索取号:D922.181.4/1432] 在馆    
5 0897409   208974092   密集书库-史法系/ [索取号:D922.181.4/1432] 在馆    
唐山师范学院图书馆 欢迎您!
大连网信软件有限公司© 版权所有